000 005190000a22001810004500
003 MACL
005 20160417123206.0
008 160417b xxu||||| |||| 00| 0 eng d
040 _aMACL
_cMACL
041 _aHindi
082 _a550
100 _aशर्मा सजल
_952619
245 _aमहामृत्‍यु का तांडव
260 _bरचना प्रकाशन
_c2003
_aनई दिल्‍ली
350 _a200
650 _aEarth Science
_95772
942 _cHIN
_k550
_2ddc
999 _c18269
_d18269